| 000 | 00755nam a2200229 i 4500 | ||
|---|---|---|---|
| 001 | 30402 | ||
| 003 | ES-MaACL | ||
| 005 | 20250801201856.0 | ||
| 007 | t| | ||
| 008 | 030124s1851 sp ||||1| spa d | ||
| 080 | _a239:182 | ||
| 100 | 1 |
_aBarthe, Édouard ( _d1802-1885) _926108 |
|
| 245 | 1 | 3 |
_aLa verdad religiosa ante el tribunal de la razón / _cpor Eduardo Barthe ; traducida al castellano por Diego Bravo y Destonet. |
| 260 |
_aMadrid : _b[s.n.], _c1851 ( _fB. B. de Rivera) |
||
| 300 |
_a302 p. ; _c22 cm. |
||
| 490 | 1 | _aBiblioteca contemporánea | |
| 650 | 0 | 7 |
_aTeología _2embne _917457 |
| 700 | 1 |
_aBravo y Destonet, Diego. _931511 |
|
| 830 | 0 |
_aBiblioteca contemporánea _9182832 |
|
| 852 |
_aES-MaACL _jG-7910 |
||
| 999 |
_c30402 _d30402 |
||